Etiqueta de registo: 00000nkm 2200025 450
001 2256849
003 http://id.bnportugal.gov.pt/bib/catbnp/2256849
100 ## $a20260129f1986 m y0pory01030103ba
101 0# $afre
200 1# $aLa paix naturellement$bVisual gráfico]$fPrograma das Nações Unidas para o Meio Ambiente$gPhoto: Fise
210 #9 $aNairobi$cPrograma das Nações Unidas para o Meio Ambiente,$d1986
215 ## $a1 cartaz$ccolor.$d66,9x48,2 cm
306 ## $aDatação atribuída em conformidade com as características formais do documento.
317 ## $aColeção Madeira Luís
702 #1 $aFise$4600$31993871
710 02 $aPrograma das Nações Unidas para o Meio Ambiente$31096193
801 #0 $aPT$bBN$gRPC
966 ## $lBN$mICONOG$sCT. 18414 A.$x3
971 ## $cCatmusica8$d20260129
995 ## $aPRR2026 $d20260129$iCatmusica8